000 00723cab a2200193 4500
001 WB2237-42
008 090401t1986 xxu||||| |||| 00| 0 eng d
035 _a(Sirsi) u69915
041 _aeng
245 _aDocklands plan
260 _c1986
350 _a0
490 _aPlanning (for the Natural and Built Environment)
_vno 685, 12/9/86 p20
520 _aThe LDDC `s 5 year corporate plan pinpoints several issues which they feel require Government attention; improvements to the London Docklands road network, extension of the Docklands Light Railway and an accelerated housing association programme.
650 _aLDDC CORPORATE PLAN
690 _aPLANNING LAW AND PRACTICE
942 _n0
948 _c04/03/1997
999 _c43966
_d43966